000 01111nam a22002175i 4500
001 164917
003 ES-MaACL
005 20250716010458.0
008 050812s1860 fr | |||||||| ||fre d
040 _aCAM
_bspa
_cCAM
100 1 _aSchiller, Friedrich,
_d1759-1805
_9104361
245 1 0 _aThéatre de Schiller /
_ctraduction nouvelle, précédée d'une notice sur sa vie et ses ouvrages par X. Marmier.
250 _a4e éd. rev., corr. et augm.
260 _aParis :
_bCharpentier, libraire-éditeur,
_c1860 (
_eCorbeil :
_ftypographie et stér. de Crété)
300 _a3 v. ;
_c18 cm.
505 8 _aContiene: T. I. Les brigands ; La conjuration de Flesque ; L'intrigue et l'amour (430, [2] p.) -- T. II. Don Carlos ; Marie Stuart ; Jeanne d'Arc (405, [2] p.) -- T. III. Le Camp de Wallenstein ; Les Piccolomini ; La mort de Wallenstein ; La fiancée de Messine ; Guillaume Tell (480, [2] p.)
700 1 _aMarmier, Xavier,
_d1809-1892
_9129516
852 _aES-MaACL
_jD-3194-3196
_z-- Enc. tela
_z-- Legado de Modesto de La Fuente
999 _c164917
_d164917